Normal view
MARC view
- SUPERVISOR ASSISTANT PROFESSOR SAHEEB A. KAYANI
Entry Personal Name
001 - CONTROL NUMBER
- control field: 71056
003 - CONTROL NUMBER IDENTIFIER
- control field: NUST
005 - DATE AND TIME OF LATEST TRANSACTION
- control field: 20210628204602.0
008 - FIXED-LENGTH DATA ELEMENTS
- fixed length control field: 210628|| aca||aabn | a|a d
040 ## - CATALOGING SOURCE
- Original cataloging agency: NUST
- Transcribing agency: NUST
100 ## - HEADING--PERSONAL NAME
- Personal name: SUPERVISOR ASSISTANT PROFESSOR SAHEEB A. KAYANI
670 ## - SOURCE DATA FOUND
- Source citation: Work cat.: (NUST): NC MAAZ MAHBUB KHAN NC ZULFIQAR HAIDER ZAIDI NC FAZEEL SAJID 71055, PR-SOF-1621- DESIGN AND FABRICATION OF A MULTI-FUNCTION SCARA ROBOT, 2017
